OO Words Quiz Stats

 Plays Quiz Updated May 3, 2018

Also try: Add an 'ER'
Challenge
Share
Tweet
Embed
Score 0/15 Timer 04:00
1 Play Today
Hint Answer % Correct
An Inuit snow houseIgloo
99.1%
A parklike area in which live animals are kept in large enclosures for public exhibitionZoo
92.7%
A leaping marsupial mammal of AustraliaKangaroo
92.4%
To wash one's hair with soap and waterShampoo
91.4%
Popular online search engineYahoo
86.3%
Proscribed by society as improper or unacceptableTaboo
75.7%
A musical toy which produces a buzzing sound when the performer hums into one endKazoo
74%
Treelike tropical grass having woody, usually hollow stemsBamboo
71.9%
Hint Answer % Correct
An indelible mark or figure fixed upon the bodyTattoo
69.4%
A religion that is derived from African polytheism and ancestor worshipVoodoo
49.1%
Any of various large noisy chiefly Australasian crested parrotsCockatoo
39.5%
A musical instrument of Australian AborigineDidgeridoo
39.2%
A noisy attention-getting demonstration; excited commotionBallyhoo or hullabaloo
32.1%
A decisive or final defeat or setbackWaterloo
25.7%
Western U.S. a cowboy, e.g. a broncobusterBuckaroo
21.9%

You're not logged in!

Compare scores with friends on all Sporcle quizzes.
OR
Log In

You Might Also Like...

Show Comments

Extras

Top Quizzes Today


Score Distribution

Your Account Isn't Verified!

In order to create a playlist on Sporcle, you need to verify the email address you used during registration. Go to your Sporcle Settings to finish the process.

Report this User

Report this user for behavior that violates our Community Guidelines.

Details: